Online Catalogue and eLibrary

Parathiyar eluththukkal sila puthiya kandupiddippukal (Record no. 4098)

MARC details
000 -LEADER
fixed length control field 00433nam a2200157Ia 4500
005 - DATE AND TIME OF LATEST TRANSACTION
control field 20250311042557.0
008 - FIXED-LENGTH DATA ELEMENTS--GENERAL INFORMATION
fixed length control field 240331s9999 xx 000 0 und d
082 ## - DDC Classification
Item Number - Author Mark PAR
Class No. 894
245 #0 - TITLE STATEMENT
Title Parathiyar eluththukkal sila puthiya kandupiddippukal
260 ## - PUBLICATION, DISTRIBUTION, ETC.
Place of publication, distribution, etc. Chennai
Name of publisher, distributor, etc. Poonkody Publication
Date of publication, distribution, etc. 1989
300 ## - PHYSICAL DESCRIPTION
Extent (e.g. Volumes, Pages etc.) 120 p .,
650 ## - SUBJECT ADDED ENTRY--TOPICAL TERM
Topical term or geographic name entry element Sakaravarthani letters
650 ## - SUBJECT ADDED ENTRY--TOPICAL TERM
Topical term or geographic name entry element Bharathiyer essays
700 ## - ADDED ENTRY--PERSONAL NAME
Personal name Manie, P.S.
Relator term (Role) Editor
942 ## - Koha item type (Biblio)
Koha item type Books in Stacks (Lending)
Holdings
Lost status Damaged status Collection code Home library Current library Shelving location Date acquired Full call number Accession Number Item type
    Lending WERC Library WERC Library Social Science Cupboard 03/31/2024 894.811 PAR 814 Books in Stacks (Lending)

© WERC Library